Loading...
| Science - Chemistry | 0 | 11 | 1 | 3 | 105 | 89 | 111.45 | 0 | 2 | 0.00 | 0.00 |
| Science - Biology | 0 | 9 | 1 | 2 | 85 | 41 | 97.89 | 1 | 4 | 0.00 | 0.00 |
| Science - Physics | 0 | 4 | 1 | 0 | 35 | 101 | 111.75 | 0 | 0 | 0.00 | 0.00 |
| Literature - European | 0 | 4 | 1 | 2 | 35 | 120 | 138.50 | 0 | 0 | 0.00 | 0.00 |
| Literature - British | 0 | 2 | 0 | 0 | 20 | 97 | 108.00 | 1 | 1 | 0.00 | 0.00 |
| Literature - World | 0 | 2 | 0 | 0 | 20 | 136 | 138.50 | 0 | 0 | 0.00 | 0.00 |
| Religion | 0 | 2 | 0 | 1 | 20 | 123 | 127.00 | 0 | 0 | 0.00 | 0.00 |
| Literature - American | 0 | 2 | 1 | 1 | 15 | 87 | 123.50 | 0 | 0 | 0.00 | 0.00 |
| Social Science | 0 | 1 | 0 | 1 | 10 | 128 | 128.00 | 0 | 0 | 0.00 | 0.00 |
| Fine Arts - Classical Music | 0 | 2 | 2 | 1 | 10 | 126 | 133.50 | 0 | 0 | 0.00 | 0.00 |
| Geography | 0 | 1 | 0 | 0 | 10 | 127 | 127.00 | 0 | 0 | 0.00 | 0.00 |
| History - European | 0 | 1 | 0 | 0 | 10 | 126 | 126.00 | 0 | 0 | 0.00 | 0.00 |
| History - Other | 0 | 1 | 0 | 0 | 10 | 109 | 109.00 | 0 | 0 | 0.00 | 0.00 |
| Mythology | 0 | 1 | 0 | 0 | 10 | 137 | 137.00 | 0 | 0 | 0.00 | 0.00 |
| Science - Other | 0 | 2 | 2 | 2 | 10 | 127 | 129.00 | 0 | 0 | 0.00 | 0.00 |
| Other Academic | 0 | 1 | 1 | 1 | 5 | 128 | 128.00 | 0 | 0 | 0.00 | 0.00 |
| Fine Arts - Other | 0 | 0 | 0 | 0 | 0 | 0.00 | 0 | 0 | 0.00 | 0.00 | |
| Current Events | 0 | 0 | 1 | 0 | -5 | 0.00 | 0 | 0 | 0.00 | 0.00 |